logo

Bir Sreshtho Munshi Abdur Rouf Library
Jhenaidah Cadet College

Electric slag welding / (Record no. 5657)

MARC details
000 -LEADER
fixed length control field 00764cam a2200253 4500
001 - CONTROL NUMBER
JCCL Control Number 5657
003 - CONTROL NUMBER IDENTIFIER
JCCL marc code BD-JhCC
005 - DATE AND TIME OF LATEST TRANSACTION
control field 20180303132307.0
008 - FIXED-LENGTH DATA ELEMENTS--GENERAL INFORMATION
fixed length control field 731015s1967 ru a 000 0 eng
035 ## - SYSTEM CONTROL NUMBER
system control number (BD-JhCC)5657
040 ## - CATALOGING SOURCE
Original cataloging agency DLC
Transcribing agency DLC
Modifying agency DLC
-- BD-JhCC
041 1# - LANGUAGE CODE
Language code of Book engrus
050 00 - LIBRARY OF CONGRESS CALL NUMBER
Classification number TK4660
Item number .E4913 1967
082 00 - DEWEY DECIMAL CLASSIFICATION NUMBER
Classification number 671.5/21
Author mark and Year ELE 1967
245 00 - TITLE STATEMENT
Title Electric slag welding /
Statement of responsibility, etc Edited by B. Paton. Translated from the Russian by B. Kuznetsov.
250 ## - EDITION STATEMENT
Edition statement [2. ed.]
260 ## - PUBLICATION, DISTRIBUTION, ETC. (IMPRINT)
Place of publication, distribution, etc Moscow,
Name of publisher, distributor, etc Mir Publishers,
Date of publication, distribution, etc 1967.
300 ## - PHYSICAL DESCRIPTION
Pagination 386 p.
Other physical details illus.
Dimensions 23 cm.
500 ## - GENERAL NOTE
General note Translation of Ėlektroshlakovai︠a︡ svarka.
650 #0 - SUBJECT ADDED ENTRY--TOPICAL TERM
Topical term or geographic name as entry element Electroslag welding.
700 1# - ADDED ENTRY--PERSONAL NAME
Personal name Paton, B. E.
Fuller form of name (Boris Evgenʹevich),
Dates associated with a name 1918-
942 ## - ADDED ENTRY ELEMENTS (KOHA)
Source of classification or shelving scheme Dewey Decimal Classification
Koha item type Books
Holdings
Source of classification or shelving scheme Damaged status Not for loan Home library Current library Shelving location Total Checkouts Full call number Barcode Date last seen Copy number Koha item type
Dewey Decimal Classification     JCC Rouf Library JCC Rouf Library General Stacks   671.5/21 ELE 1967 7821 12/19/2017 C - 1 Books

JCC Library | Contacts | JCC Home

Last Update on 23 September 2017
Copyright @ 2017-2020 JCC Rouf Library
Rouf Library, Jhenidah Cadet College (JCC), Bangladesh